[Event "Gibraltar Amateurs op-B"]
[Site "Caleta"]
[Date "2020.01.27"]
[Round "3"]
[White "Dumont, Andre"]
[Black "Poggio, Freddie"]
[Result "1-0"]
[WhiteElo "1872"]
[BlackElo "1680"]
[PlyCount "41"]
[EventDate "2020.01.20"]
[EventType "swiss"]
[EventRounds "5"]
[EventCountry "GGB"]
[SourceTitle "CBM 194 Extra"]
[Source "ChessBase"]
[SourceDate "2020.03.31"]
[SourceVersion "1"]
[SourceVersionDate "2020.03.31"]
[SourceQuality "1"]

1. Nf3 Nf6 2. c4 c5 3. b3 e6 4. Bb2 g6 5. Nc3 Bg7 6. Ne4 d6 7. h4 0-0 8. Ng3 Nc6 9. Qc2 Ne7 10. e3 Nf5 11. Nxf5 exf5 12. Be2 Re8 13. Ng5 a6 14. Nh3 Rb8 15. Nf4 b5 16. h5 Bb7 17. hxg6 fxg6 18. cxb5 axb5 19. Bxb5 Bxg2 20. Nxg2 Rxb5 21. Qc4+ 1-0

[Event "Gibraltar Amateur op-B"]
[Site "Caleta"]
[Date "2019.01.26"]
[Round "1"]
[White "Ralivololona, Hanitriniaina Andri"]
[Black "Poggio, Freddie"]
[Result "0-1"]
[WhiteElo "1399"]
[BlackElo "1765"]
[PlyCount "84"]
[EventDate "2019.01.26"]
[EventType "swiss"]
[EventRounds "5"]
[EventCountry "GGB"]
[SourceTitle "EXT 2021"]
[Source "ChessBase"]
[SourceDate "2020.10.23"]
[SourceVersion "1"]
[SourceVersionDate "2020.10.23"]
[SourceQuality "1"]

1. e4 c5 2. Nf3 d6 3. d4 cxd4 4. Nxd4 Nf6 5. Nc3 a6 6. Be3 Qc7 7. Qd2 Nbd7 8. Be2 b5 9. Bd3 Bb7 10. f3 Rc8 11. 0-0 e6 12. Rac1 Be7 13. a3 0-0 14. Na2 d5 15. exd5 Nxd5 16. Bg5 Bc5 17. c3 e5 18. Be3 Nxe3 19. Qxe3 exd4 20. cxd4 Bxd4 21. Qxd4 Qb6 22. Qxb6 Nxb6 23. Rfe1 g6 24. Nc3 Rfd8 25. Be4 Bxe4 26. Nxe4 Rxc1 27. Rxc1 Nc4 28. b3 Nxa3 29. b4 Rd4 30. Ra1 Nc2 31. Rxa6 Rxb4 32. Rb6 Rb1+ 33. Kf2 b4 34. Nc5 Nd4 35. Ke3 Nf5+ 36. Kd3 h5 37. Kc4 Ne3+ 38. Kb5 b3 39. Ka4 b2 40. Kb3 Rg1 41. Ka2 Nc4 42. Rb4 Ra1+ 0-1

[Event "Gibraltar Challengers-B"]
[Site "Gibraltar"]
[Date "2009.02.01"]
[Round "1"]
[White "Viera Falcon, Cristo"]
[Black "Poggio, Freddie"]
[Result "1-0"]
[WhiteElo "1790"]
[BlackElo "1544"]
[PlyCount "93"]
[EventDate "2009.02.01"]
[EventType "swiss"]
[EventRounds "5"]
[EventCountry "ENG"]
[SourceTitle "EXT 2012"]
[Source "ChessBase"]
[SourceDate "2011.11.24"]
[SourceVersion "1"]
[SourceVersionDate "2011.11.24"]
[SourceQuality "1"]

1. d4 Nf6 2. c4 c5 3. d5 e6 4. Nc3 exd5 5. cxd5 d6 6. e4 g6 7. h3 Bg7 8. Nf3 0-0 9. Bg5 Re8 10. Bd3 a6 11. Rc1 b5 12. b3 h6 13. Bxf6 Bxf6 14. 0-0 Nd7 15. Qd2 Kh7 16. Nh2 Ne5 17. Kh1 b4 18. Na4 Bd7 19. Bb1 Bb5 20. Rg1 Ra7 21. Nb2 Rae7 22. f4 Nd7 23. Nf3 Bc3 24. Qf2 Nf6 25. Nd1 Nxe4 26. Bxe4 Rxe4 27. Nxc3 bxc3 28. f5 Qf6 29. a4 Re2 30. fxg6+ fxg6 31. Ng5+ Kg7 32. Qxf6+ Kxf6 33. Ne6 Bd7 34. Rgf1+ Ke7 35. Nf4 Re3 36. Nxg6+ Kd8 37. Kh2 c2 38. Rxc2 Rxb3 39. Rf7 a5 40. Rcf2 Rb4 41. R2f6 Rb6 42. Nf8 Bxa4 43. Ra7 Re7 44. Ne6+ Rxe6 45. dxe6 Bc6 46. Rf8+ Be8 47. Ra8+ 1-0

[Event "Gibraltar Challengers1-B"]
[Site "Gibraltar"]
[Date "2009.01.29"]
[Round "3"]
[White "Salomon, Johan"]
[Black "Poggio, Freddie"]
[Result "1-0"]
[WhiteElo "1803"]
[BlackElo "1544"]
[PlyCount "104"]
[EventDate "2009.01.27"]
[EventType "swiss"]
[EventRounds "5"]
[EventCountry "ENG"]
[SourceTitle "EXT 2012"]
[Source "ChessBase"]
[SourceDate "2011.11.24"]
[SourceVersion "1"]
[SourceVersionDate "2011.11.24"]
[SourceQuality "1"]

1. e4 c5 2. Nc3 d6 3. f4 Nc6 4. Nf3 a6 5. d3 e6 6. g3 Be7 7. Bg2 Qc7 8. 0-0 b5 9. h3 Bb7 10. Qe2 Nd4 11. Qf2 Nxf3+ 12. Bxf3 b4 13. Ne2 f5 14. exf5 exf5 15. Be3 Nf6 16. Kh2 Bxf3 17. Qxf3 0-0 18. Rg1 Rac8 19. Rg2 Qc6 20. Qf2 d5 21. Bd2 d4 22. Ng1 Qa4 23. b3 Qd7 24. Nf3 Bd6 25. Re1 Rce8 26. Qf1 Rxe1 27. Qxe1 Qc7 28. Qe6+ Kh8 29. Qxf5 Nd7 30. Qe4 Nf6 31. Qe1 Re8 32. Re2 Rxe2+ 33. Qxe2 Qe7 34. Qxe7 Bxe7 35. g4 Nd5 36. Kg3 Bd6 37. Ng5 Kg8 38. Ne4 Be7 39. g5 h5 40. gxh6 Ne3 41. Bxe3 dxe3 42. Kf3 gxh6 43. Kxe3 Kf7 44. f5 a5 45. Kf4 Bh4 46. Nxc5 Bg3+ 47. Ke4 Kf6 48. d4 Bd6 49. Nb7 Bc7 50. d5 Ke7 51. d6+ Bxd6 52. Nxd6 Kxd6 1-0

[Event "Gibraltar Amateurs op-A"]
[Site "Gibraltar"]
[Date "2008.01.26"]
[Round "5"]
[White "Poggio, Freddie"]
[Black "Bath, Tom"]
[Result "1-0"]
[WhiteElo "1616"]
[BlackElo "1424"]
[PlyCount "59"]
[EventDate "2008.01.22"]
[EventType "tourn"]
[EventRounds "5"]
[EventCountry "ENG"]
[SourceTitle "EXT 2010"]
[Source "ChessBase"]
[SourceDate "2010.11.25"]
[SourceVersion "1"]
[SourceVersionDate "2010.11.25"]
[SourceQuality "1"]

1. d4 Nf6 2. c4 d6 3. Nf3 g6 4. Nc3 Bg7 5. e4 0-0 6. Be2 Bd7 7. Bg5 c6 8. e5 Ne8 9. Qd2 f6 10. exf6 Nxf6 11. Bh6 Qb6 12. Bxg7 Kxg7 13. 0-0 Na6 14. Rfe1 Qc7 15. c5 Rae8 16. Bxa6 bxa6 17. b4 dxc5 18. bxc5 Ng4 19. h3 Rxf3 20. hxg4 Rf7 21. Re4 Ref8 22. Rae1 Bc8 23. Qg5 Qa5 24. Qe5+ Kg8 25. d5 cxd5 26. Nxd5 Qxc5 27. Nf6+ Rxf6 28. Qxc5 Rxf2 29. Rxe7 Bxg4 30. Qc4+ 1-0